[Event "HUN-chT2 Toth 1516"]
[Site "Hungary"]
[Date "2015.09.26"]
[Round "2.6"]
[White "Olah, Bela Janos"]
[Black "Udvardi, Zalan"]
[Result "0-1"]
[WhiteElo "1947"]
[BlackElo "1992"]
[PlyCount "74"]
[EventDate "2015.09.13"]
[EventType "team-tourn"]
[EventRounds "11"]
[EventCountry "HUN"]
[SourceTitle "CBM 170 Extra"]
[Source "ChessBase"]
[SourceDate "2016.02.25"]
[SourceVersion "1"]
[SourceVersionDate "2016.02.25"]
[SourceQuality "1"]
[WhiteTeam "Bekes"]
[BlackTeam "Szentes Integral"]
[WhiteTeamCountry "HUN"]
[BlackTeamCountry "HUN"]

1. d4 d5 2. Bf4 e6 3. e3 a6 4. Bd3 Nf6 5. Nf3 c5 6. c3 Nc6 7. Nbd2 Bd6 8. Bg3 Qe7 9. Ne5 Nd7 10. f4 Ndxe5 11. fxe5 Bc7 12. Qg4 Qf8 13. 0-0 Bd7 14. Qh5 c4 15. Bc2 Ne7 16. Qf3 Bc6 17. Rf2 g6 18. Bh4 h6 19. g4 Rh7 20. Raf1 0-0-0 21. Bf6 Re8 22. h4 h5 23. Bg5 hxg4 24. Qxg4 Nf5 25. e4 dxe4 26. Bxe4 Bb5 27. Qf3 Nxh4 28. Bxb7+ Kb8 29. Bxh4 Rxh4 30. a4 Qh6 31. axb5 Rh8 32. Nxc4 axb5 33. Ba8 Kc8 34. Bb7+ Kb8 35. Ne3 Rh3 36. Ng4 Qh4 37. Qe4 Qg3+ 0-1

[Event "HUN-chT2 Toth 1314"]
[Site "Hungary"]
[Date "2014.02.02"]
[Round "6.8"]
[White "Olah, Bela Janos"]
[Black "Patko, Lajos"]
[Result "1-0"]
[WhiteElo "1923"]
[BlackElo "1793"]
[PlyCount "94"]
[EventDate "2013.09.08"]
[EventType "team-tourn"]
[EventRounds "11"]
[EventCountry "HUN"]
[SourceTitle "EXT 2016"]
[Source "ChessBase"]
[SourceDate "2015.10.08"]
[SourceVersion "1"]
[SourceVersionDate "2015.10.08"]
[SourceQuality "1"]
[WhiteTeam "Bekes"]
[BlackTeam "Szentes"]
[WhiteTeamCountry "HUN"]
[BlackTeamCountry "HUN"]

1. d4 d5 2. Bf4 e6 3. e3 Bd6 4. Qg4 Qf6 5. Bxd6 cxd6 6. Na3 a6 7. c4 Nh6 8. Qd1 0-0 9. Qb3 dxc4 10. Nxc4 Qe7 11. Rc1 Nc6 12. Nb6 Rb8 13. Nf3 d5 14. Rc5 Qd6 15. Be2 Nf5 16. Rc3 Nfe7 17. 0-0 f6 18. Rfc1 Na5 19. Qa3 Qxb6 20. Qxe7 Nc6 21. Qa3 Bd7 22. b3 Rfc8 23. Qd6 Qd8 24. b4 Kf7 25. a4 Qe7 26. Qxe7+ Kxe7 27. b5 axb5 28. axb5 Na7 29. b6 Rxc3 30. Rxc3 Rc8 31. bxa7 Ra8 32. Ra3 Kd6 33. Kf1 Kc6 34. Nd2 Kb6 35. Nb3 Rxa7 36. Rxa7 Kxa7 37. Nc5 Bc8 38. Bb5 b6 39. Nd7 Kb7 40. Nf8 h6 41. Ng6 Kc7 42. Nf4 Kd6 43. Nh5 Ke7 44. Nxg7 Kf7 45. Nh5 Bb7 46. Ke2 Ke7 47. Kd3 Bc8 1-0

[Event "HUN-chT2 Toth 1314"]
[Site "Hungary"]
[Date "2013.10.20"]
[Round "3.7"]
[White "Nagy, Robert2222"]
[Black "Olah, Bela Janos"]
[Result "1/2-1/2"]
[WhiteElo "1986"]
[BlackElo "1923"]
[PlyCount "41"]
[EventDate "2013.09.08"]
[EventType "team-tourn"]
[EventRounds "11"]
[EventCountry "HUN"]
[SourceTitle "EXT 2016"]
[Source "ChessBase"]
[SourceDate "2015.10.08"]
[SourceVersion "1"]
[SourceVersionDate "2015.10.08"]
[SourceQuality "1"]
[WhiteTeam "Gyula"]
[BlackTeam "Bekes"]
[WhiteTeamCountry "HUN"]
[BlackTeamCountry "HUN"]

1. d4 d6 2. Nf3 g6 3. c4 Bg7 4. Nc3 Nd7 5. Bg5 c6 6. e3 Qc7 7. Qc2 h6 8. Bh4 Ndf6 9. Bd3 e6 10. Bg3 Qe7 11. Bxg6 fxg6 12. Qxg6+ Kf8 13. c5 Ne8 14. Ne4 d5 15. Nd6 Ngf6 16. Nh4 Kg8 17. Qd3 Nxd6 18. Bxd6 Qe8 19. Ng6 Rh7 20. Ne7+ Kh8 21. Ng6+ 1/2-1/2

[Event "HUN-chT2 Toth 1213"]
[Site "Hungary"]
[Date "2013.04.07"]
[Round "10.9"]
[White "Csavajda, Pal"]
[Black "Olah, Bela Janos"]
[Result "0-1"]
[WhiteElo "1535"]
[BlackElo "1885"]
[PlyCount "96"]
[EventDate "2012.09.16"]
[EventType "team-tourn"]
[EventRounds "11"]
[EventCountry "HUN"]
[SourceTitle "EXT 2014"]
[Source "ChessBase"]
[SourceDate "2013.11.20"]
[SourceVersion "1"]
[SourceVersionDate "2013.11.20"]
[SourceQuality "1"]
[WhiteTeam "Takisz"]
[BlackTeam "Bekes"]
[WhiteTeamCountry "HUN"]
[BlackTeamCountry "HUN"]

1. e4 d6 2. d4 g6 3. Nf3 Bg7 4. c3 e6 5. Be3 Ne7 6. Be2 Nd7 7. Qc1 b6 8. Bh6 Bxh6 9. Qxh6 Ng8 10. Qg7 Qf6 11. Qxf6 Ngxf6 12. e5 Nd5 13. Bb5 Bb7 14. Bxd7+ Kxd7 15. 0-0 h6 16. Nbd2 g5 17. Ne4 Nf4 18. Nfd2 dxe5 19. dxe5 Nd3 20. b3 Nxe5 21. f3 Ke7 22. Rad1 Rad8 23. Nc4 Nxc4 24. bxc4 Ba6 25. Nd2 Rd3 26. Nb1 Rhd8 27. Rxd3 Rxd3 28. Re1 Bxc4 29. Na3 Rxc3 30. Nb1 Rd3 31. Kf2 Bxa2 32. Ke2 Bxb1 33. Rxb1 Rd5 34. Ke3 e5 35. g4 c5 36. Ra1 a5 37. Rb1 Rd6 38. Ke4 Ke6 39. h4 gxh4 40. Rh1 Rd4+ 41. Ke3 f5 42. Rxh4 f4+ 43. Ke2 b5 44. Rxh6+ Kf7 45. g5 b4 46. Rf6+ Kg7 47. Ra6 b3 48. Rxa5 b2 0-1

[Event "HUN-chT2 Toth 1112"]
[Site "Hungary"]
[Date "2012.03.25"]
[Round "8.7"]
[White "Csiki, Levente"]
[Black "Olah, Bela Janos"]
[Result "1-0"]
[WhiteElo "1863"]
[BlackElo "1898"]
[PlyCount "91"]
[EventDate "2011.09.25"]
[EventType "team-tourn"]
[EventRounds "11"]
[EventCountry "HUN"]
[SourceTitle "EXT 2013"]
[Source "ChessBase"]
[SourceDate "2012.11.22"]
[SourceVersion "1"]
[SourceVersionDate "2012.11.22"]
[SourceQuality "1"]
[WhiteTeam "Keviterv"]
[BlackTeam "Bekes"]
[WhiteTeamCountry "HUN"]
[BlackTeamCountry "HUN"]

1. e4 e6 2. Nf3 d6 3. d4 Ne7 4. Bd3 g6 5. Bg5 Bg7 6. 0-0 0-0 7. Qd2 Nbc6 8. c3 e5 9. d5 Nb8 10. Bh6 f5 11. Bxg7 Kxg7 12. exf5 gxf5 13. Bc2 Ng6 14. Qg5 Qxg5 15. Nxg5 Nf4 16. Bb3 h6 17. Nf3 Na6 18. Rd1 Bd7 19. a4 Kh8 20. Bc2 Rg8 21. g3 Raf8 22. Kf1 Nh3 23. Nh4 Nc5 24. f3 b5 25. a5 b4 26. cxb4 Bb5+ 27. Kg2 Nf4+ 28. Kh1 Ncd3 29. Rd2 Nh3 30. Nc3 Ndf2+ 31. Rxf2 Nxf2+ 32. Kg2 Bd3 33. Bb3 Ng4 34. fxg4 Rxg4 35. Bd1 Rg7 36. Be2 Bxe2 37. Nxe2 f4 38. Nc3 Rfg8 39. Ne4 fxg3 40. Nxg3 Rg4 41. Nhf5 Kh7 42. Rc1 h5 43. Rxc7+ Kh8 44. Kh3 Rxb4 45. Nxh5 Rb3+ 46. Nfg3 1-0

[Event "HUN-chT2 Toth 1011"]
[Site "Hungary"]
[Date "2010.11.07"]
[Round "5.5"]
[White "Olah, Bela Janos"]
[Black "Konya, Laszlo Jr"]
[Result "0-1"]
[WhiteElo "1934"]
[BlackElo "2111"]
[PlyCount "76"]
[EventDate "2010.09.12"]
[EventType "team-tourn"]
[EventRounds "11"]
[EventCountry "HUN"]
[SourceTitle "EXT 2012"]
[Source "ChessBase"]
[SourceDate "2011.11.24"]
[SourceVersion "1"]
[SourceVersionDate "2011.11.24"]
[SourceQuality "1"]
[WhiteTeam "Bekes"]
[BlackTeam "Karcag"]
[WhiteTeamCountry "HUN"]
[BlackTeamCountry "HUN"]

1. d4 d5 2. Bf4 e6 3. e3 Bd6 4. Bg3 f5 5. Nf3 Nf6 6. Nbd2 0-0 7. Ne5 Nbd7 8. c3 Bxe5 9. dxe5 Ng4 10. Nf3 c6 11. h3 Nh6 12. Nd4 Nc5 13. Bd3 Ne4 14. Bxe4 fxe4 15. Bf4 Nf7 16. Qh5 Qb6 17. Rb1 c5 18. Ne2 Bd7 19. Ng3 Nh8 20. Qg4 Ng6 21. Nh5 Rf7 22. Bg3 Bb5 23. Rd1 Bd3 24. Rd2 c4 25. Nf4 Nxf4 26. Bxf4 Raf8 27. g3 a5 28. a3 Qc6 29. h4 b5 30. Qd1 Rb7 31. Qc1 b4 32. axb4 axb4 33. Rxd3 cxd3 34. 0-0 Rc7 35. Qa1 bxc3 36. bxc3 Qxc3 37. Qa6 Qc6 38. Qa3 Ra8 0-1

[Event "HUN-chT2 Toth 1011"]
[Site "Hungary"]
[Date "2010.09.12"]
[Round "1.4"]
[White "Magi, Tibor"]
[Black "Olah, Bela Janos"]
[Result "0-1"]
[WhiteElo "1922"]
[BlackElo "1934"]
[PlyCount "62"]
[EventDate "2010.09.12"]
[EventType "team-tourn"]
[EventRounds "11"]
[EventCountry "HUN"]
[SourceTitle "EXT 2012"]
[Source "ChessBase"]
[SourceDate "2011.11.24"]
[SourceVersion "1"]
[SourceVersionDate "2011.11.24"]
[SourceQuality "1"]
[WhiteTeam "Nadudvar"]
[BlackTeam "Bekes"]
[WhiteTeamCountry "HUN"]
[BlackTeamCountry "HUN"]

1. c4 e6 2. e4 b6 3. d4 Bb7 4. Qc2 d6 5. Be3 Ne7 6. Bd3 g6 7. Nf3 Bg7 8. Nc3 Nd7 9. h4 e5 10. d5 Nc5 11. Bxc5 bxc5 12. h5 Qd7 13. Ne2 c6 14. Ng3 Qc7 15. Qd2 Ba6 16. Rb1 Rb8 17. b3 cxd5 18. exd5 Ng8 19. hxg6 hxg6 20. Rxh8 Bxh8 21. Ke2 Bg7 22. Rh1 Nf6 23. Ng5 Ke7 24. f4 Qd7 25. Re1 Qg4+ 26. Kf2 Qh4 27. Rh1 Ng4+ 28. Kf3 Nh2+ 29. Kf2 exf4 30. Re1+ Be5 31. N5e4 Bd4+ 0-1

[Event "Berekfurdo op-B 4th"]
[Site "Berekfurdo"]
[Date "2010.09.03"]
[Round "3"]
[White "Toth, Tamas4444"]
[Black "Olah, Bela Janos"]
[Result "0-1"]
[WhiteElo "1644"]
[BlackElo "1934"]
[PlyCount "78"]
[EventDate "2010.09.02"]
[EventType "swiss"]
[EventRounds "7"]
[EventCountry "HUN"]
[SourceTitle "EXT 2019"]
[Source "ChessBase"]
[SourceDate "2018.10.10"]
[SourceVersion "1"]
[SourceVersionDate "2018.10.10"]
[SourceQuality "1"]

1. e4 e6 2. d4 d5 3. e5 c5 4. Nf3 Nc6 5. Bd3 cxd4 6. 0-0 Nge7 7. Bf4 Ng6 8. Bg3 Be7 9. Nbd2 Bd7 10. Nb3 Qb6 11. Re1 a5 12. Bxg6 hxg6 13. Nfxd4 a4 14. Nxc6 Bxc6 15. Nd4 Qxb2 16. Nxc6 bxc6 17. Qd3 Rb8 18. c3 Qb5 19. Qc2 Qc4 20. Red1 c5 21. Rd2 0-0 22. Rd3 Rb7 23. Rf3 Rfb8 24. h3 Rb2 25. Qc1 Rxa2 26. Rxa2 Qxa2 27. Qf4 Rb1+ 28. Kh2 a3 29. Qa4 Qb2 30. c4 dxc4 31. Rxa3 c3 32. Ra2 Qb4 33. Qc2 Rd1 34. Ra4 Rd2 35. Rxb4 Rxc2 36. Rc4 Kf8 37. Ra4 Rd2 38. f3 c2 39. Be1 c1Q 0-1

[Event "HUN-chT2 Toth 0910"]
[Site "Hungary"]
[Date "2010.01.31"]
[Round "5.12"]
[White "Drenyovszki, Norbert"]
[Black "Olah, Bela Janos"]
[Result "1-0"]
[WhiteElo "1539"]
[BlackElo "1848"]
[PlyCount "121"]
[EventDate "2009.11.08"]
[EventType "team-tourn"]
[EventRounds "11"]
[EventCountry "HUN"]
[SourceTitle "EXT 2011"]
[Source "ChessBase"]
[SourceDate "2010.11.26"]
[SourceVersion "1"]
[SourceVersionDate "2010.11.26"]
[SourceQuality "1"]
[WhiteTeam "Mezobereny"]
[BlackTeam "Bekes"]
[WhiteTeamCountry "HUN"]
[BlackTeamCountry "HUN"]

1. d4 d5 2. c4 e6 3. Nc3 Nf6 4. Bf4 c6 5. Nf3 Nbd7 6. e3 Be7 7. cxd5 exd5 8. Bd3 0-0 9. 0-0 Nh5 10. Ne2 Re8 11. Qc2 Nf8 12. h3 Nxf4 13. Nxf4 Bd6 14. Nh5 g6 15. Ng3 Ne6 16. Ne5 c5 17. Qc3 Qb6 18. Ng4 cxd4 19. exd4 Kg7 20. Ne3 Nf4 21. Ne2 Be6 22. Nxf4 Bxf4 23. b3 Bg5 24. f4 Bf6 25. Nc2 Rac8 26. Qb2 Rc7 27. Kh1 Rec8 28. Rac1 Rc3 29. f5 Bd7 30. Rcd1 Bxd4 31. Nxd4 Qxd4 32. fxg6 f6 33. gxh7 Bb5 34. Rf3 Kh8 35. Qe2 Rc1 36. Rdf1 Bxd3 37. Rxd3 Rxf1+ 38. Qxf1 Qe5 39. Rf3 Qg5 40. Kh2 Qe5+ 41. Kh1 Qg5 42. Kh2 Qe5+ 43. Kh1 Qb2 44. Qd3 Qa1+ 45. Kh2 Qe5+ 46. Kh1 d4 47. Rf1 Rc7 48. Qg6 Rxh7 49. Qxf6+ Qxf6 50. Rxf6 Rd7 51. Rf2 Kg7 52. g4 Kg6 53. Kg2 Kg5 54. Kg3 d3 55. Rd2 Rd4 56. Kf3 Rf4+ 57. Ke3 Rf1 58. Rxd3 Rh1 59. Kd4 Rh2 60. a4 Rc2 61. b4 1-0

[Event "HUN-chT2 Toth 0910"]
[Site "Hungary"]
[Date "2009.11.22"]
[Round "2.11"]
[White "Zenovitz, Otto"]
[Black "Olah, Bela Janos"]
[Result "0-1"]
[WhiteElo "1545"]
[BlackElo "1848"]
[PlyCount "90"]
[EventDate "2009.11.08"]
[EventType "team-tourn"]
[EventRounds "11"]
[EventCountry "HUN"]
[SourceTitle "EXT 2011"]
[Source "ChessBase"]
[SourceDate "2010.11.26"]
[SourceVersion "1"]
[SourceVersionDate "2010.11.26"]
[SourceQuality "1"]
[WhiteTeam "Szentes Spartacus"]
[BlackTeam "Bekes"]
[WhiteTeamCountry "HUN"]
[BlackTeamCountry "HUN"]

1. Nf3 d5 2. g3 e6 3. Bg2 Nf6 4. d3 Be7 5. 0-0 0-0 6. Nbd2 b6 7. c3 Nbd7 8. b3 Bb7 9. Bb2 a6 10. Re1 h6 11. Qc2 Nc5 12. Rad1 a5 13. d4 Nce4 14. Ne5 Qc8 15. f3 Nd6 16. Nf1 c5 17. e3 Nd7 18. Nxd7 Qxd7 19. e4 Rac8 20. e5 Nf5 21. Qd3 cxd4 22. cxd4 Bb4 23. Re2 Ra8 24. Rf2 Ba6 25. Qb1 Bxf1 26. Bxf1 Ne3 27. Rd3 Nxf1 28. Qxf1 Rac8 29. Rd1 a4 30. a3 Bc3 31. Bxc3 Rxc3 32. bxa4 Qxa4 33. Ra1 Qxd4 34. Kg2 Rfc8 35. Rd1 Qxe5 36. Re2 Re3 37. Rxe3 Qxe3 38. Qd3 Qxd3 39. Rxd3 Rc2+ 40. Kh3 Kf8 41. Rb3 Rc6 42. a4 Ke7 43. Rb5 Kd6 44. a5 bxa5 45. Rxa5 Rc5 0-1

[Event "HUN-chT2 Toth 0910"]
[Site "Hungary"]
[Date "2009.11.08"]
[Round "1.11"]
[White "Olah, Bela Janos"]
[Black "Fodor, Balazs"]
[Result "1-0"]
[WhiteElo "1848"]
[BlackElo "1699"]
[PlyCount "93"]
[EventDate "2009.11.08"]
[EventType "team-tourn"]
[EventRounds "11"]
[EventCountry "HUN"]
[SourceTitle "EXT 2011"]
[Source "ChessBase"]
[SourceDate "2010.11.26"]
[SourceVersion "1"]
[SourceVersionDate "2010.11.26"]
[SourceQuality "1"]
[WhiteTeam "Bekes"]
[BlackTeam "Abony"]
[WhiteTeamCountry "HUN"]
[BlackTeamCountry "HUN"]

1. d4 d5 2. Bf4 c6 3. c3 Bf5 4. Nf3 e6 5. e3 Bd6 6. Bg3 Nf6 7. Nbd2 Qc7 8. Qb3 b6 9. Be2 Nbd7 10. c4 Bxg3 11. hxg3 h6 12. cxd5 cxd5 13. 0-0 0-0 14. Rac1 Qb7 15. Qa3 a6 16. Rc3 b5 17. Qd6 Rfc8 18. Rfc1 Rxc3 19. Rxc3 Rc8 20. Qe7 Rxc3 21. bxc3 Qc8 22. Qb4 Nb6 23. Nb3 Nfd7 24. Nc5 Nb8 25. a4 Nxa4 26. Nxa4 bxa4 27. Qxa4 Kh7 28. Qa5 Bg4 29. Bd3+ Kg8 30. Ne5 Bd1 31. Qa3 Qb7 32. Qd6 Qc8 33. Qe7 Qf8 34. Qb7 a5 35. Nxf7 Qxf7 36. Qxb8+ Qf8 37. Bh7+ Kf7 38. Qc7+ Kf6 39. Qe5+ Kf7 40. Qf4+ Ke7 41. Qc7+ Kf6 42. e4 dxe4 43. Qxa5 g6 44. Qe5+ Kf7 45. Qf4+ Kg7 46. Qxf8+ Kxf8 47. Bxg6 1-0

[Event "HUN-chT2 Toth 0809"]
[Site "Hungary"]
[Date "2009.02.08"]
[Round "7.12"]
[White "Olah, Bela Janos"]
[Black "Nagy, Gabor"]
[Result "1-0"]
[WhiteElo "1811"]
[BlackElo "1639"]
[PlyCount "99"]
[EventDate "2008.10.26"]
[EventType "team-tourn"]
[EventRounds "11"]
[EventCountry "HUN"]
[SourceTitle "EXT 2010"]
[Source "ChessBase"]
[SourceDate "2010.11.25"]
[SourceVersion "1"]
[SourceVersionDate "2010.11.25"]
[SourceQuality "1"]
[WhiteTeam "Bekes"]
[BlackTeam "Mezobereny"]
[WhiteTeamCountry "HUN"]
[BlackTeamCountry "HUN"]

1. d4 Nf6 2. Bf4 g6 3. e3 Bg7 4. Nf3 d6 5. h3 Nbd7 6. Nbd2 0-0 7. c3 c6 8. Bh2 Re8 9. Bc4 e5 10. dxe5 dxe5 11. 0-0 e4 12. Ng5 Nd5 13. Ngxe4 N7b6 14. Nd6 Re6 15. e4 Nxc4 16. N2xc4 Nb6 17. Nxc8 Qxc8 18. Nxb6 axb6 19. Qc2 b5 20. Rfd1 Qe8 21. f3 Qe7 22. Bg3 Qg5 23. Qf2 b4 24. cxb4 Qb5 25. a3 Qc4 26. Rd2 Ree8 27. Rad1 Qb3 28. Kh1 b5 29. Qe2 Rac8 30. Bf2 Be5 31. Bd4 Bf4 32. Rd3 Qe6 33. Bc5 Be5 34. Bd6 Bg7 35. Bg3 f5 36. Rd6 Qb3 37. e5 g5 38. R1d3 Qa2 39. f4 gxf4 40. Bxf4 Qb1+ 41. Kh2 Qa2 42. Rg3 Kh8 43. Rd7 Rg8 44. Rg5 Qe6 45. Rd6 Qf7 46. Qd3 Qa2 47. Rh5 Rcf8 48. Qe2 Qf7 49. e6 Qe7 50. Rxh7+ 1-0

[Event "HUN-chT2 Toth 0809"]
[Site "Hungary"]
[Date "2008.12.21"]
[Round "4.12"]
[White "Szalaji, Renata"]
[Black "Olah, Bela Janos"]
[Result "0-1"]
[WhiteElo "1836"]
[BlackElo "1791"]
[PlyCount "54"]
[EventDate "2008.10.26"]
[EventType "team-tourn"]
[EventRounds "11"]
[EventCountry "HUN"]
[SourceTitle "EXT 2010"]
[Source "ChessBase"]
[SourceDate "2010.11.25"]
[SourceVersion "1"]
[SourceVersionDate "2010.11.25"]
[SourceQuality "1"]
[WhiteTeam "Szentes"]
[BlackTeam "Bekes"]
[WhiteTeamCountry "HUN"]
[BlackTeamCountry "HUN"]

1. e4 e6 2. d4 d5 3. exd5 exd5 4. Bd3 Nf6 5. Bg5 Be7 6. Nf3 Nbd7 7. 0-0 0-0 8. Nbd2 Re8 9. c3 Nf8 10. Qc2 h6 11. Bh4 Nh5 12. Bxe7 Rxe7 13. Ne5 Nf4 14. Bf5 Bxf5 15. Qxf5 N4g6 16. Ndf3 Qd6 17. Rfe1 Rae8 18. Re2 f6 19. Nxg6 Rxe2 20. Nxf8 Kxf8 21. Qg6 Qe6 22. h3 Rxb2 23. Nh4 Qf7 24. Qh7 Ree2 25. Ng6+ Ke8 26. Nh8 Qe6 27. Ng6 Rxf2 0-1

[Event "HUN-chT U18"]
[Site "Miskolc"]
[Date "2008.10.30"]
[Round "7.9"]
[White "Zsembery, Aron"]
[Black "Olah, Bela Janos"]
[Result "0-1"]
[WhiteElo "1777"]
[BlackElo "1776"]
[PlyCount "58"]
[EventDate "2008.10.27"]
[EventType "team-swiss"]
[EventRounds "8"]
[EventCountry "HUN"]
[SourceTitle "EXT 2016"]
[Source "ChessBase"]
[SourceDate "2015.10.08"]
[SourceVersion "1"]
[SourceVersionDate "2015.10.08"]
[SourceQuality "1"]

1. e4 e6 2. d4 d5 3. e5 c5 4. c3 Nc6 5. Nf3 Qb6 6. a3 a5 7. Bd3 Bd7 8. Bc2 f6 9. 0-0 cxd4 10. cxd4 Rc8 11. Nc3 f5 12. Re1 g6 13. Nxd5 exd5 14. e6 Bxe6 15. Rxe6+ Kf7 16. Bxf5 gxf5 17. Ng5+ Kg7 18. Qh5 Qc7 19. Nf7 Qxf7 20. Qg5+ Qg6 21. Rxg6+ hxg6 22. Qg3 Nf6 23. Qb3 Bd6 24. Bg5 Ne4 25. Be3 f4 26. Qxd5 fxe3 27. Qxe4 exf2+ 28. Kxf2 Rcf8+ 29. Ke1 Bxh2 0-1